IPL Teams 2014 - Statistics

General Stats
  • This quiz has been taken 31 times
  • The average score is 7 of 8
Answer Stats
Hint Answer % Correct
1st Kolkata Knight Riders
100%
3rd Chennai Superkings
96%
4th Mumbai Indians
96%
8th Delhi Daredevils
93%
5th Rajasthan Royals
89%
7th Royal Challengers Bangalore
89%
6th Sunrisers Hyderabad
89%
2nd Kings XI Punjab
86%
No matching quizzes found
Score Distribution
Percent of People with Each Score
Percentile by Number Answered
Your Score History
You have not taken this quiz